000 00365pab a2200145 454500
008 180718b1996 xxu||||| |||| 00| 0 eng d
100 _aFrancis, C.M.
245 _aEradication of child labour: need for an integrated approach
260 _c1996
300 _ap.454-66
362 _aOct-Dec
650 _aChild labour
773 _aSocial Action
909 _a33302
999 _c33302
_d33302